000 00478nam a22001697a 4500
005 20251108164919.0
008 250721s1985 xx 000 0 ara d
082 1 4 _a212/عبد
100 1 _aعبد العزيز، أمير
245 1 0 _aتفسير سورة البقرة /
264 1 _aبيروت :
_bمؤسسة الرساله،
_c1985.
300 _a504ص
650 1 7 _aالقرآن الكريم
650 1 7 _aتفسير القرآن
942 _2ddc
_cBK
999 _c17307
_d17307